[Event "East Lansing (MI Op/5/30)"]
[Site "?"]
[Date "1993.??.??"]
[Round "?"]
[White "Steverson, Bunnard"]
[Black "Vaka, Flamur"]
[Result "1-0"]
[WhiteElo "1880"]
[BlackElo "1710"]
[PlyCount "119"]
[EventDate "1993.??.??"]

{5/(30)} 1. d4 Nf6 2. Nf3 d5 3. e3 Bf5 4. Bd3 Bxd3 5. Qxd3 c6 6. O-O e6 7. Nbd2
Nbd7 8. e4 Nb6 9. e5 Nfd7 10. Re1 c5 11. c3 Rc8 12. Nf1 Be7 13. Bf4 O-O 14.
Rac1 Na4 15. b3 c4 16. Qc2 cxb3 17. Qxb3 Nab6 18. Ne3 Qc7 19. Nd2 a5 20. c4
dxc4 21. Ndxc4 Nxc4 22. Nxc4 Qb8 23. Nxa5 Qa7 24. Rxc8 Rxc8 25. Qxb7 Qxb7 26.
Nxb7 Ra8 27. Ra1 Ra7 28. Nd6 Bxd6 29. exd6 h6 30. h3 Ra4 31. Be3 Ra6 32. Rc1
Rxd6 33. Rc8+ Kh7 34. Rd8 Rd5 35. a4 Nb6 36. Rxd5 Nxd5 37. a5 Nc7 38. Kf1 Kg6
39. Ke2 Kf5 40. Kd3 e5 41. Kc4 Ke6 42. dxe5 g5 43. Bd4 Kd7 44. Kc5 Ne6+ 45. Kc4
Nc7 46. Bb6 Na8 47. Kb5 h5 48. Ka6 Kc8 49. Kb5 Kb7 50. a6+ Kc8 51. Kc6 h4 52.
g3 Kb8 53. gxh4 gxh4 54. f4 Nc7 55. Bxc7+ Ka7 56. f5 Ka8 57. e6 fxe6 58. fxe6
Ka7 59. e7 Kxa6 60. e8=Q 1-0

[Event "Flint (Class A/2)"]
[Site "?"]
[Date "1993.??.??"]
[Round "?"]
[White "Steverson, Bunnard"]
[Black "Spooner, Frank"]
[Result "0-1"]
[WhiteElo "1895"]
[BlackElo "1835"]
[PlyCount "98"]
[EventDate "1993.??.??"]

1. d4 Nf6 2. Nf3 e6 3. e3 b6 4. Bd3 Bb7 5. O-O Be7 6. Nbd2 d5 7. c3 Nbd7 8. Re1
c5 9. e4 dxe4 10. Nxe4 Nxe4 11. Bxe4 Bxe4 12. Rxe4 Nf6 13. Qa4+ Qd7 14. Qxd7+
Nxd7 15. Bf4 Nf6 16. Re2 O-O 17. dxc5 Bxc5 18. Rd1 Rfd8 19. Red2 Rxd2 20. Rxd2
Nd5 21. Bg3 f6 22. Nd4 Bxd4 23. Rxd4 Kf7 24. a3 Rc8 25. h3 b5 26. Kf1 a5 27.
Ke2 a4 28. Kd3 Nb6 29. Kc2 Nd5 30. Rd3 Rc4 31. b3 axb3+ 32. Kxb3 Ke7 33. f3 Kd7
34. Be1 Kc6 35. Bd2 g5 36. Rd4 Rxd4 37. cxd4 h5 38. g4 hxg4 39. hxg4 Ne7 40.
Kc3 Ng6 41. Kd3 Kd5 42. Ba5 Nf8 43. Bd8 Nd7 44. Kc3 e5 45. dxe5 Nxe5 46. Kb4
Nc6+ 47. Kxb5 Nxd8 48. Kb6 Nc6 49. a4 Kd6 0-1

[Event "East Lansing (MI Op/6/21)"]
[Site "?"]
[Date "1993.??.??"]
[Round "?"]
[White "Steverson, Bunnard"]
[Black "Malumphy, Joseph"]
[Result "1-0"]
[WhiteElo "1880"]
[BlackElo "1980"]
[PlyCount "81"]
[EventDate "1993.??.??"]

{6/(21)} 1. d4 Nf6 2. Nf3 d6 3. e3 g6 4. Bd3 Bg7 5. O-O O-O 6. Nbd2 Re8 7. e4
e5 8. d5 c6 9. c4 cxd5 10. cxd5 Nbd7 11. h3 Nc5 12. Bc2 b6 13. b4 Ncxe4 14.
Bxe4 Nxe4 15. Nxe4 f5 16. Bg5 Qd7 17. Nf6+ Bxf6 18. Bxf6 Qf7 19. Bg5 Bb7 20.
Bh6 Qxd5 21. Qxd5+ Bxd5 22. Rfd1 Bxf3 23. gxf3 Rad8 24. Rd5 Kf7 25. Rc1 Rd7 26.
Rc6 Ke6 27. Rd1 Rg8 28. Bd2 g5 29. b5 Rg6 30. Bb4 Ke7 31. Rd5 Re6 32. a4 h6 33.
Kg2 h5 34. Kg3 Rd8 35. h4 g4 36. fxg4 fxg4 37. f3 gxf3 38. Kxf3 Rf8+ 39. Ke3
Rd8 40. Ke4 Rd7 41. Rdxd6 1-0

[Event "East Lansing (MI Op/1b/9)"]
[Site "?"]
[Date "1993.??.??"]
[Round "?"]
[White "Steverson, Bunnard"]
[Black "Gabbara, Faris"]
[Result "0-1"]
[WhiteElo "1880"]
[BlackElo "2130"]
[PlyCount "46"]
[EventDate "1993.??.??"]

1. d4 d5 2. Nf3 c5 3. dxc5 e6 4. e4 Bxc5 5. Bb5+ Nc6 6. exd5 exd5 7. Ne5 Qf6 8.
O-O Nge7 9. Nxc6 bxc6 10. Bd3 O-O 11. Nd2 Ng6 12. Qh5 Re8 13. Nf3 h6 14. Bxg6
fxg6 15. Qh4 Qf5 16. Bd2 Ba6 17. Rfe1 Re4 18. Rxe4 dxe4 19. Ne1 Rf8 20. g4
Bxf2+ 21. Kg2 Qd5 22. Qxf2 Rxf2+ 23. Kxf2 Qxd2+ 0-1

[Event "East Lansing (MI Op/3/22)"]
[Site "?"]
[Date "1993.??.??"]
[Round "?"]
[White "Steverson, Bunnard"]
[Black "Brattin, Vincent"]
[Result "1/2-1/2"]
[WhiteElo "1880"]
[BlackElo "2015"]
[PlyCount "155"]
[EventDate "1993.??.??"]

{3/(22)} 1. d4 c6 2. Nf3 d5 3. e3 Bf5 4. Bd3 Bxd3 5. Qxd3 e6 6. O-O Nf6 7. Nbd2
Nbd7 8. c3 Bd6 9. Re1 O-O 10. e4 dxe4 11. Nxe4 Nxe4 12. Rxe4 Be7 13. Ne5 h6 14.
Nxd7 Qxd7 15. Qg3 Kh7 16. f4 c5 17. Qd3 Kh8 18. Qe2 cxd4 19. cxd4 Bf6 20. Be3
Rac8 21. Rd1 Qc6 22. Qd3 Qc2 23. Qxc2 Rxc2 24. Rd2 Rfc8 25. Kf1 Rc1+ 26. Ke2
Rh1 27. h3 Rd8 28. Kd3 Kh7 29. Re2 g5 30. Bd2 Ra1 31. a3 Kg6 32. Bc3 Rd5 33.
Rf2 Rd1+ 34. Rd2 Rf1 35. fxg5 hxg5 36. Kc4 Kf5 37. Rde2 Rf4 38. g4+ Kg6 39.
Rxf4 gxf4 40. Re4 Kg5 41. Bd2 Kh4 42. Rxf4 Bg5 43. Be1+ Kxh3 44. Rxf7 b5+ 45.
Kc3 a5 46. Bf2 Kxg4 47. Rc7 Kf3 48. Rf7+ Ke2 49. Bg3 Bd2+ 50. Kc2 Rxd4 51. Rf2+
Ke3 52. Rf6 Rc4+ 53. Kb3 Rc6 54. Bf4+ Kd3 55. Be5 Be3 56. Bc3 Bd4 57. Rf3+ Ke4
58. Rh3 Bxc3 59. bxc3 e5 60. Kc2 Rc5 61. Kd2 Kd5 62. Kd3 e4+ 63. Kc2 Kc4 64.
Re3 Re5 65. Kb2 b4 66. cxb4 axb4 67. axb4 Kxb4 68. Kc2 Kc4 69. Kd2 Kd4 70. Ra3
Rb5 71. Ra4+ Ke5 72. Ra8 Rd5+ 73. Ke3 Rd3+ 74. Ke2 Kd4 75. Rd8+ Kc3 76. Re8
Rd2+ 77. Ke3 Rd1 78. Rxe4 1/2-1/2

[Event "Troy (TCC/C/4/4)"]
[Site "?"]
[Date "1993.??.??"]
[Round "?"]
[White "Stemmler, Daniel"]
[Black "Walquist, Elaine"]
[Result "1-0"]
[WhiteElo "1605"]
[BlackElo "1605"]
[PlyCount "41"]
[EventDate "1993.??.??"]

{4/(4)} 1. e4 c5 2. c3 e6 3. d4 cxd4 4. cxd4 Nf6 5. Nc3 Bb4 6. Bd3 Nc6 7. Nf3
O-O 8. O-O h6 9. Bd2 a6 10. h3 Ba5 11. a3 Bc7 12. Qc1 h5 13. Bg5 e5 14. Nd5 Bd6
15. Bxf6 gxf6 16. Qh6 Be7 17. dxe5 fxe5 18. h4 f6 19. Bc4 Rf7 20. Ne3 Bf8 21.
Qg6+ 1-0

[Event "Troy (TCC/C/2/7)"]
[Site "?"]
[Date "1993.??.??"]
[Round "?"]
[White "Stemmler, Daniel"]
[Black "Smeckert, Dennis"]
[Result "1-0"]
[WhiteElo "1605"]
[BlackElo "1605"]
[PlyCount "67"]
[EventDate "1993.??.??"]

{2/(7)} 1. e4 e5 2. Nf3 Nc6 3. Bb5 f5 4. d3 Nf6 5. O-O Bc5 6. Bxc6 bxc6 7. Nxe5
fxe4 8. dxe4 O-O 9. Re1 Qe7 10. Nf3 d6 11. Bg5 Bg4 12. Nbd2 Rab8 13. Rb1 Rb5
14. c3 Bxf2+ 15. Kxf2 Rxg5 16. Kg1 Bxf3 17. Nxf3 Rb5 18. Nd4 Rb6 19. Nf5 Qe6
20. a3 Rfb8 21. b4 c5 22. Qd3 cxb4 23. axb4 Re8 24. Ng3 Rc6 25. Nf5 Qc4 26. Qg3
g6 27. Nd4 Ra6 28. Qf3 Rf8 29. Rf1 Nd7 30. Qh3 Nf6 31. Ne6 Rf7 32. Ng5 Rf8 33.
Rf3 Kg7 34. Ne6+ 1-0

[Event "Eastpointe (MI Action/2/18)"]
[Site "?"]
[Date "1993.??.??"]
[Round "?"]
[White "Stemmler, Daniel"]
[Black "Ruderman, M."]
[Result "1-0"]
[WhiteElo "1605"]
[BlackElo "1605"]
[PlyCount "109"]
[EventDate "1993.??.??"]

{2/(18)} 1. e4 e5 2. Nf3 Nc6 3. Bb5 Nf6 4. O-O Nxe4 5. Bxc6 dxc6 6. Nxe5 Nf6 7.
d4 c5 8. Re1 Be7 9. Bg5 O-O 10. c3 h6 11. Bh4 Nd5 12. Bxe7 Nxe7 13. Na3 Nf5 14.
dxc5 Qxd1 15. Raxd1 Re8 16. Nb5 Re7 17. Rd8+ Kh7 18. f4 f6 19. Nf3 Rxe1+ 20.
Nxe1 c6 21. Nd6 Nxd6 22. cxd6 b6 23. d7 Bxd7 24. Rxa8 a5 25. h3 g6 26. Ra7 g5
27. fxg5 Kg6 28. Rxd7 hxg5 29. g4 c5 30. Kf2 b5 31. Nd3 c4 32. Nc5 b4 33. Ne6
f5 34. gxf5+ Kxf5 35. Nd4+ Ke5 36. Kf3 b3 37. axb3 cxb3 38. Nxb3 a4 39. Nd4 Kf6
40. Kg4 Ke5 41. Kxg5 Ke4 42. Kg4 Ke5 43. Nf3+ Ke6 44. Rd4 Kf6 45. h4 Ke6 46.
Kg5 Ke7 47. Kf5 Kf7 48. Rd7+ Ke8 49. Ra7 Kd8 50. Ke6 Kc8 51. Kd6 Kb8 52. Rc7
Ka8 53. Kc6 Kb8 54. Kb6 Ka8 55. Rc8# 1-0

[Event "Eastpointe (MI Action/4/19)"]
[Site "?"]
[Date "1993.??.??"]
[Round "?"]
[White "Stemmler, Daniel"]
[Black "Mack, De"]
[Result "1-0"]
[WhiteElo "1605"]
[BlackElo "1605"]
[PlyCount "53"]
[EventDate "1993.??.??"]

{4/(19)} 1. c4 e5 2. e3 Nf6 3. d4 d6 4. dxe5 dxe5 5. Qxd8+ Kxd8 6. Nf3 Nc6 7.
Be2 Bc5 8. O-O Re8 9. b3 Bg4 10. h3 Bh5 11. g4 Bg6 12. Bb2 Be4 13. Nc3 Bxf3 14.
Bxf3 Ke7 15. g5 Nd7 16. Nd5+ Kd8 17. Rad1 Kc8 18. Bg4 Kb8 19. b4 Nxb4 20. Nxb4
Nb6 21. a3 a5 22. Nd5 Nxc4 23. Ba1 Ka7 24. Rc1 b5 25. Nxc7 Bxa3 26. Nxb5+ Kb8
27. Rxc4 1-0

[Event "Eastpointe (MI Action/6/13)"]
[Site "?"]
[Date "1993.??.??"]
[Round "?"]
[White "Stemmler, Daniel"]
[Black "Kamberi, Sonny"]
[Result "0-1"]
[WhiteElo "1605"]
[BlackElo "2040"]
[PlyCount "48"]
[EventDate "1993.??.??"]

{6/(13)} 1. e4 e6 2. d4 d5 3. exd5 exd5 4. Nf3 Bd6 5. Bd3 Bg4 6. O-O Ne7 7. Bg5
O-O 8. Bxe7 Bxe7 9. Nbd2 Nc6 10. c3 Bd6 11. Qc2 h6 12. Rfe1 Qf6 13. Qb3 Ne7 14.
Ne5 Be6 15. Ndf3 Ng6 16. Nxg6 fxg6 17. Qc2 g5 18. Bh7+ Kh8 19. Bd3 Rae8 20. Ne5
Bxe5 21. Rxe5 Bf7 22. Rae1 Rxe5 23. dxe5 Qf4 24. g3 Qf3 0-1

[Event "Jackson (Prison m)"]
[Site "?"]
[Date "1993.??.??"]
[Round "?"]
[White "Stark, Jay"]
[Black "Anderson, B."]
[Result "1-0"]
[WhiteElo "1605"]
[BlackElo "1605"]
[PlyCount "103"]
[EventDate "1993.??.??"]

1. e4 e5 2. Nc3 Nc6 3. d3 Bb4 4. f4 exf4 5. Bxf4 Qf6 6. Qd2 d6 7. O-O-O Bxc3 8.
bxc3 Nge7 9. Nf3 Bg4 10. Be2 Ng6 11. Bg5 Qe6 12. Kb1 O-O 13. h3 Bxf3 14. gxf3
b5 15. f4 f5 16. Bf3 b4 17. exf5 Rxf5 18. Bxc6 bxc3 19. Qxc3 Rc5 20. Qxc5 Rb8+
21. Qb5 Rxb5+ 22. Bxb5 h6 23. Rde1 Qf5 24. Bc4+ Kh7 25. Bd8 Qd7 26. f5 Ne5 27.
Bh4 Qxf5 28. Ref1 Nf3 29. Be1 d5 30. Bb3 c5 31. h4 a6 32. Ka1 Qe5+ 33. Kb1 Qf5
34. a3 Qf7 35. Kc1 Qf4+ 36. Kb2 Qf5 37. c3 Qg4 38. Bd1 Qg2+ 39. Kb3 Ne5 40. Bc2
d4 41. Rhg1 Qb7+ 42. Ka2 Qd5+ 43. Kb2 a5 44. Rf5 a4 45. Rgf1 dxc3+ 46. Bxc3
Nxd3+ 47. Bxd3 Qb3+ 48. Kc1 Qxc3+ 49. Bc2 Qxa3+ 50. Kd1 Qa1+ 51. Ke2 Qd4 52.
R5f4+ 1-0

[Event "East Lansing (MOR/2/5)"]
[Site "?"]
[Date "1993.??.??"]
[Round "?"]
[White "Stark, J."]
[Black "Smith, Rob"]
[Result "0-1"]
[WhiteElo "1605"]
[BlackElo "1760"]
[PlyCount "64"]
[EventDate "1993.??.??"]

{2/(5)} 1. e4 c5 2. d3 d6 3. f4 e6 4. Nf3 Nc6 5. Be2 Qc7 6. O-O Be7 7. Na3 a6
8. c4 Nf6 9. Nc2 O-O 10. b3 b6 11. Qd2 Bb7 12. Bb2 Nd7 13. d4 cxd4 14. Ncxd4
Nxd4 15. Qxd4 Bf6 16. e5 dxe5 17. Nxe5 Nxe5 18. fxe5 Rad8 19. Qf4 Be7 20. Rad1
Rxd1 21. Bxd1 Bc5+ 22. Bd4 Bxd4+ 23. Qxd4 Rd8 24. Qf2 Rd7 25. Qe1 Qd8 26. Qf2
Rxd1 27. Qxf7+ Kh8 28. Qf2 Rxf1+ 29. Kxf1 Qd1+ 30. Qe1 Bxg2+ 31. Kf2 Qf3+ 32.
Kg1 Bh3 0-1

[Event "East Lansing (MOR/6/23)"]
[Site "?"]
[Date "1993.??.??"]
[Round "?"]
[White "Stark, J."]
[Black "Meyer, A."]
[Result "1/2-1/2"]
[WhiteElo "1605"]
[BlackElo "1605"]
[PlyCount "48"]
[EventDate "1993.??.??"]

{6/(23)} 1. b3 Nc6 2. Bb2 d5 3. e3 a6 4. Nf3 Bg4 5. Be2 Nf6 6. Nh4 Qd7 7. Nc3
O-O-O 8. h3 Bxe2 9. Qxe2 Nb4 10. O-O-O d4 11. exd4 Qxd4 12. Nf5 Qf4 13. Ng3 e6
14. Kb1 Nc6 15. Rhf1 Bb4 16. Qe3 Qh4 17. Kc1 Rhg8 18. Nce4 Nd5 19. Qg5 Be7 20.
Qh5 Qxh5 21. Nxh5 e5 22. Nhg3 Ndb4 23. a3 Nd5 24. Nf5 Bd6 1/2-1/2

[Event "East Lansing (MOR/5/14)"]
[Site "?"]
[Date "1993.??.??"]
[Round "?"]
[White "Stark, J."]
[Black "Imai, Toshio"]
[Result "1/2-1/2"]
[WhiteElo "1605"]
[BlackElo "1750"]
[PlyCount "29"]
[EventDate "1993.??.??"]

{5/(14)} 1. e4 e5 2. Nc3 Bc5 3. d3 Nc6 4. f4 d6 5. Nf3 Bg4 6. Be2 Bxf3 7. Bxf3
Qh4+ 8. g3 Qh3 9. Nd5 Kd8 10. c3 Nge7 11. b4 Bb6 12. Nxb6 axb6 13. Qe2 h5 14.
Bg2 Qd7 15. h4 1/2-1/2

[Event "Lansing (MI Am/2)"]
[Site "?"]
[Date "1993.??.??"]
[Round "?"]
[White "Stanulis, T."]
[Black "Smith, Ed"]
[Result "1-0"]
[WhiteElo "1605"]
[BlackElo "1870"]
[PlyCount "53"]
[EventDate "1993.??.??"]

1. d4 f5 2. c4 g6 3. Nf3 Bg7 4. Bf4 d6 5. Nc3 Nf6 6. e3 O-O 7. Bd3 c6 8. b4 Nh5
9. Bg3 f4 10. Bh4 fxe3 11. fxe3 Qc7 12. O-O e5 13. Qc2 Bf5 14. Bxf5 gxf5 15.
Ng5 Qd7 16. d5 cxd5 17. cxd5 e4 18. Qe2 Bxc3 19. Rac1 Ng3 20. hxg3 Be5 21. Ne6
Na6 22. Nxf8 Rxf8 23. a3 Qg7 24. Qh5 Nc7 25. Rxf5 Rxf5 26. Qxf5 Bc3 27. Qc8+
1-0

[Event "Lansing (MI Am/4)"]
[Site "?"]
[Date "1993.??.??"]
[Round "?"]
[White "Stanulis, T."]
[Black "Rosekrans, R."]
[Result "1-0"]
[WhiteElo "1605"]
[BlackElo "1800"]
[PlyCount "120"]
[EventDate "1993.??.??"]

1. e4 c5 2. d4 cxd4 3. c3 d3 4. Bxd3 Nc6 5. Nf3 d6 6. Bc4 Bg4 7. Bxf7+ Kd7 8.
Bd5 Bxf3 9. Qxf3 e6 10. Qf7+ Qe7 11. Bxe6+ Kc7 12. Qxe7+ Bxe7 13. f4 Nf6 14.
Bd5 Nxd5 15. exd5 Nd8 16. O-O Bf6 17. Na3 Re8 18. Bd2 Kd7 19. Rae1 Nf7 20. Be3
Nh6 21. h3 Nf5 22. Bf2 Rxe1 23. Rxe1 Bh4 24. g4 Bxf2+ 25. Kxf2 Ne7 26. c4 Ng6
27. Kg3 Rf8 28. Re4 Rf7 29. Nb5 a6 30. Nd4 Nf8 31. b4 h6 32. Nf5 h5 33. c5 dxc5
34. bxc5 Nh7 35. d6 Nf6 36. Re7+ Rxe7 37. dxe7 Ne4+ 38. Kf3 Nxc5 39. Nxg7 hxg4+
40. hxg4 Kxe7 41. Nf5+ Ke6 42. Nd4+ Kf6 43. g5+ Kg6 44. Kg4 b5 45. f5+ Kf7 46.
Kh5 Ne4 47. Kh6 b4 48. Nc6 a5 49. Nxa5 Nc3 50. Kh7 Nd5 51. Nc6 Kf8 52. Kh8 Ne3
53. f6 Nd5 54. Nxb4 Nxf6 55. gxf6 Kf7 56. Nd5 Kf8 57. a4 Kf7 58. a5 Kf8 59. a6
Kf7 60. a7 Kf8 1-0

[Event "East Lansing (MOR/3/25)"]
[Site "?"]
[Date "1993.??.??"]
[Round "?"]
[White "Stanulis, T."]
[Black "Rosebrook, G."]
[Result "1-0"]
[WhiteElo "1675"]
[BlackElo "1605"]
[PlyCount "35"]
[EventDate "1993.??.??"]

{3/(25)} 1. e4 c5 2. d4 cxd4 3. c3 dxc3 4. Nxc3 e5 5. Bc4 Nc6 6. Nf3 Nf6 7. Ng5
Be7 8. Nxf7 Qa5 9. Nxh8 Nxe4 10. Qh5+ Kd8 11. Nf7+ Kc7 12. O-O Nf6 13. Qd1 Nb4
14. Nb5+ Kc6 15. Nxe5+ Kb6 16. Be3+ Bc5 17. Qd6+ Nc6 18. Qxc5+ 1-0

[Event "East Lansing (MOR/1a/12)"]
[Site "?"]
[Date "1993.??.??"]
[Round "?"]
[White "Stanulis, T."]
[Black "Reist, Douglas"]
[Result "1-0"]
[WhiteElo "1675"]
[BlackElo "1605"]
[PlyCount "109"]
[EventDate "1993.??.??"]

1. e4 c5 2. d4 cxd4 3. c3 dxc3 4. Nxc3 e6 5. Bc4 d6 6. Nf3 a6 7. O-O Be7 8. Qe2
b5 9. Bb3 Nc6 10. Rd1 Qc7 11. Bf4 b4 12. Na4 e5 13. Be3 Rb8 14. Rac1 Nf6 15.
Ng5 O-O 16. Nxf7 Rxf7 17. Bxf7+ Kxf7 18. Qc4+ Be6 19. Qxc6 Qxc6 20. Rxc6 Bxa2
21. Rxa6 Nxe4 22. Nb6 Be6 23. f3 Nc5 24. Bxc5 dxc5 25. Nd7 Bxd7 26. Rxd7 b3 27.
Raa7 Re8 28. Kf2 c4 29. Rdc7 Ke6 30. Rxc4 Kd5 31. Rac7 Bd6 32. Rc8 Re7 33. Rc3
Rb7 34. Rd3+ Ke6 35. Rc6 Rd7 36. Rxb3 Kd5 37. Rc2 Kd4 38. Ke2 e4 39. fxe4 Kxe4
40. Re3+ Kd5 41. Rd2+ Kc6 42. Rc3+ Kb5 43. Rd5+ Kb4 44. Kd3 g6 45. Rc4+ Kb3 46.
Rb5+ Bb4+ 47. Rd4 Rxd4+ 48. Kxd4 Ka4 49. Kc4 Bd6 50. Rb7 Ka5 51. b4+ Ka6 52.
Rxh7 Kb6 53. Rh6 Bc7 54. Rxg6+ Kb7 55. h4 1-0

[Event "Troy (TCC/B/1a/7)"]
[Site "?"]
[Date "1993.??.??"]
[Round "?"]
[White "Stanulis, T."]
[Black "Mousessian, J."]
[Result "0-1"]
[WhiteElo "1605"]
[BlackElo "1750"]
[PlyCount "48"]
[EventDate "1993.??.??"]

1. d4 Nf6 2. c4 c5 3. e3 e6 4. Nc3 Be7 5. Bd3 O-O 6. Nf3 d5 7. O-O Nc6 8. a3
dxc4 9. Bxc4 cxd4 10. exd4 a6 11. Be3 Qc7 12. Bd3 Rd8 13. Rc1 Ng4 14. h3 Nxe3
15. fxe3 Bf6 16. Ne4 Qe7 17. Nxf6+ Qxf6 18. Ne5 Qg5 19. Nxc6 Qxe3+ 20. Kh1 bxc6
21. Qh5 g6 22. Qf3 Qxf3 23. Rxf3 Rxd4 24. Rxc6 Bb7 0-1

[Event "Troy (TCC/B/4/6)"]
[Site "?"]
[Date "1993.??.??"]
[Round "?"]
[White "Stanulis, T."]
[Black "Drysdale, Gilbert"]
[Result "0-1"]
[WhiteElo "1605"]
[BlackElo "1655"]
[PlyCount "84"]
[EventDate "1993.??.??"]

{4/(6)} 1. e4 d5 2. exd5 Nf6 3. d4 Nxd5 4. Bc4 Be6 5. Qe2 c6 6. Nf3 Nc7 7. Nbd2
Nd7 8. O-O g6 9. Rd1 Bg7 10. c3 O-O 11. Ng5 Bxc4 12. Nxc4 Nd5 13. Re1 h6 14.
Nf3 Qc7 15. Nce5 Nxe5 16. Nxe5 Rae8 17. Qg4 Nf6 18. Qh3 Qc8 19. Qh4 g5 20. Qg3
Qf5 21. Qe3 Ng4 22. Nxg4 Qxg4 23. h3 Qf5 24. Qg3 e5 25. Be3 exd4 26. cxd4 Qd7
27. Red1 b6 28. Rac1 Rc8 29. b3 Rfd8 30. Rd2 Qe6 31. Rcd1 Rd5 32. f4 Qd6 33.
Qg4 Re8 34. Rd3 Rxe3 35. Rxe3 Bxd4 36. Rxd4 Rxd4 37. Qc8+ Kg7 38. fxg5 Rd1+ 39.
Kf2 Qd2+ 40. Kf3 Rf1+ 41. Kg4 Qxe3 42. gxh6+ Qxh6 0-1

[Event "Lansing (MI Am/5)"]
[Site "?"]
[Date "1993.??.??"]
[Round "?"]
[White "Stanulis, T."]
[Black "Burg, Dan"]
[Result "1-0"]
[WhiteElo "1605"]
[BlackElo "1800"]
[PlyCount "37"]
[EventDate "1993.??.??"]

1. e4 b6 2. d4 Bb7 3. Nc3 e6 4. Bf4 Nf6 5. f3 c5 6. Nb5 d6 7. dxc5 e5 8. Bg5
bxc5 9. Bc4 a6 10. Bxf6 gxf6 11. Nc3 f5 12. h4 f4 13. Qd2 Be7 14. O-O-O Rg8 15.
Nh3 Ra7 16. Ng5 Bxg5 17. hxg5 Rxg5 18. Rxh7 Bc6 19. Rh8+ 1-0

[Event "East Lansing (MOR/5/27)"]
[Site "?"]
[Date "1993.??.??"]
[Round "?"]
[White "Stanulis, T."]
[Black "Beydoun, M."]
[Result "1-0"]
[WhiteElo "1675"]
[BlackElo "1605"]
[PlyCount "51"]
[EventDate "1993.??.??"]

{5/(27)} 1. e4 c5 2. d4 cxd4 3. c3 dxc3 4. Nxc3 Nc6 5. Bc4 Nf6 6. Nf3 d6 7. O-O
g6 8. Qb3 e6 9. Bg5 Bg7 10. Rad1 Na5 11. Bb5+ Bd7 12. Qb4 Nc6 13. Qxd6 Qe7 14.
Qxe7+ Nxe7 15. Bxf6 Bxf6 16. Bxd7+ Kf8 17. e5 Bg7 18. Ne4 Nd5 19. Nd6 Ke7 20.
Ba4 Nb6 21. Bb3 Rab8 22. Rc1 Rhd8 23. Rc7+ Rd7 24. Rfc1 Rxc7 25. Rxc7+ Nd7 26.
Ba4 1-0

[Event "Flint (Class A/1)"]
[Site "?"]
[Date "1993.??.??"]
[Round "?"]
[White "Spooner, Frank"]
[Black "Triplett, Thomas"]
[Result "1/2-1/2"]
[WhiteElo "1835"]
[BlackElo "1925"]
[PlyCount "58"]
[EventDate "1993.??.??"]

1. Nf3 Nf6 2. e3 g6 3. b3 Bg7 4. Bb2 d6 5. d4 O-O 6. Bd3 c5 7. c3 Nc6 8. Nbd2
cxd4 9. cxd4 Nb4 10. Bb1 Bd7 11. a3 Nbd5 12. O-O Rc8 13. Ne4 Qb6 14. Bd3 Nxe4
15. Bxe4 Nc3 16. Bxc3 Rxc3 17. Rb1 Rfc8 18. Nd2 Be6 19. Nc4 Bxc4 20. bxc4 Qa5
21. Rxb7 R3xc4 22. Rxe7 Qxa3 23. Qf3 Rf8 24. Bd5 Rc1 25. g3 Rxf1+ 26. Kxf1 Qc1+
27. Kg2 Qc8 28. Rxf7 Kh8 29. Rxf8+ Qxf8 1/2-1/2

[Event "Flint (Class A/4)"]
[Site "?"]
[Date "1993.??.??"]
[Round "?"]
[White "Spooner, Frank"]
[Black "Decker, Dale"]
[Result "0-1"]
[WhiteElo "1835"]
[BlackElo "1875"]
[PlyCount "84"]
[EventDate "1993.??.??"]

1. Nf3 g6 2. e3 Bg7 3. d4 d5 4. Bd3 Nh6 5. Nbd2 Bf5 6. Qe2 Bxd3 7. Qxd3 c6 8.
O-O O-O 9. Re1 Nf5 10. c3 Nd7 11. e4 dxe4 12. Nxe4 Nf6 13. Bg5 h6 14. Nxf6+
exf6 15. g4 Nd6 16. Bf4 Qd7 17. h3 Rae8 18. Ne5 Qd8 19. Nxg6 fxg6 20. Qxg6
Rxe1+ 21. Rxe1 Re8 22. Rd1 Re7 23. Bxh6 Qe8 24. Qxe8+ Rxe8 25. Bf4 Bf8 26. Kg2
Re2 27. Kf3 Rxb2 28. Re1 Kf7 29. h4 Rc2 30. Rc1 Rxc1 31. Bxc1 Nc4 32. Ke4 b5
33. h5 Nd6+ 34. Kd3 a5 35. f4 f5 36. g5 Nc4 37. Kc2 a4 38. Bd2 Bd6 39. h6 Nxd2
40. h7 Kg7 41. Kxd2 Bxf4+ 42. Kd3 Kxh7 0-1

[Event "East Lansing (MOR/4/22)"]
[Site "?"]
[Date "1993.??.??"]
[Round "?"]
[White "Spencer, Gordon"]
[Black "Stark, J."]
[Result "1/2-1/2"]
[WhiteElo "1605"]
[BlackElo "1605"]
[PlyCount "126"]
[EventDate "1993.??.??"]

{4/(22)} 1. Nf3 c5 2. c4 Nc6 3. b3 Nf6 4. Bb2 e6 5. g3 Be7 6. Bg2 O-O 7. O-O
Rb8 8. d3 a6 9. Ne5 Qc7 10. Nxc6 bxc6 11. Nd2 Bb7 12. Qc2 Rbd8 13. e4 Ng4 14.
h3 Nh6 15. f4 f5 16. e5 g5 17. Nf3 gxf4 18. gxf4 Kh8 19. Qd2 Rg8 20. Bc3 Rb8
21. Kf2 Rg6 22. Rg1 Rbg8 23. Bh1 Qd8 24. Rg2 Bh4+ 25. Ke3 Rxg2 26. Bxg2 Rg3 27.
Rg1 Qg8 28. Qe2 Bd8 29. Be1 Rg6 30. Qf1 Be7 31. Bh1 Qg7 32. Bc3 Rg3 33. Rxg3
Qxg3 34. Qg2 Qg7 35. Kd2 Kg8 36. Kc2 Nf7 37. Kb2 Kf8 38. Ka3 Ke8 39. Ba5 Qxg2
40. Bxg2 h6 41. Ka4 Nh8 42. Ng1 Bh4 43. Ne2 Bf2 44. Bc7 Be1 45. Bd6 Ng6 46.
Bxc5 Bd2 47. Bd6 Kd8 48. b4 Bxf4 49. Nxf4 Nxf4 50. Bf1 h5 51. c5 Nd5 52. h4 Kc8
53. Kb3 Kd8 54. Bf8 Ne3 55. Be2 Ng4 56. Bxg4 fxg4 57. Bh6 Ke8 58. Bf4 Kd8 59.
a3 a5 60. Kc3 axb4+ 61. axb4 Ba6 62. Kd4 Ke7 63. Ke4 Kf7 1/2-1/2

[Event "Lansing (MI Am/5)"]
[Site "?"]
[Date "1993.??.??"]
[Round "?"]
[White "Spencer, Gordon"]
[Black "Snuske, R."]
[Result "1-0"]
[WhiteElo "1605"]
[BlackElo "1605"]
[PlyCount "107"]
[EventDate "1993.??.??"]

1. Nf3 Nf6 2. b3 b6 3. g3 Bb7 4. Bg2 e6 5. Bb2 Be7 6. d3 O-O 7. O-O Re8 8. c4
d6 9. Na3 Nbd7 10. Nc2 Nf8 11. Re1 Ng6 12. d4 d5 13. Nd2 a5 14. e4 dxe4 15.
Nxe4 Nxe4 16. Bxe4 Bxe4 17. Rxe4 Bf6 18. Qe2 c6 19. Rd1 Qc7 20. f4 Rad8 21. f5
Nf8 22. fxe6 Nxe6 23. Bc1 Qc8 24. d5 Nc5 25. Rxe8+ Rxe8 26. Qg2 cxd5 27. Rxd5
Ne4 28. Bd2 Nxd2 29. Qxd2 Rd8 30. Ne3 Rxd5 31. Nxd5 Qc5+ 32. Kg2 Qc6 33. Qe3
Bd8 34. Kf2 Qc5 35. Qxc5 bxc5 36. Ke3 Kf8 37. Ke4 f6 38. Nc3 Kf7 39. Kd5 Be7
40. Kc6 Ke6 41. Kb5 g5 42. Kxa5 f5 43. Kb5 f4 44. gxf4 gxf4 45. Ne2 f3 46. Ng3
Bd6 47. Nf1 Ke5 48. Kc6 Bf8 49. a4 Ke4 50. Nd2+ Ke3 51. Nxf3 Kxf3 52. a5 Bh6
53. a6 Bf4 54. a7 1-0

[Event "Flint (Class DE/4)"]
[Site "?"]
[Date "1993.??.??"]
[Round "?"]
[White "Spencer, Gordon"]
[Black "Reist, Douglas"]
[Result "0-1"]
[WhiteElo "1605"]
[BlackElo "1605"]
[PlyCount "98"]
[EventDate "1993.??.??"]

1. Nf3 c6 2. c4 d5 3. cxd5 cxd5 4. d3 Nf6 5. g3 e6 6. Bg2 Bc5 7. O-O Nc6 8. d4
Bb6 9. b3 O-O 10. Bb2 Re8 11. Na3 a6 12. Rc1 Qd6 13. Nc2 Bd7 14. Ne5 Rac8 15.
Ba3 Qb8 16. e3 Nxe5 17. dxe5 Qxe5 18. Ne1 Rxc1 19. Bxc1 Rc8 20. Nd3 Qf5 21. Qd2
Bb5 22. Nf4 Bxf1 23. Kxf1 h6 24. Ba3 Qb1+ 25. Qe1 Qxa2 26. Bb4 Qxb3 27. Bd2 e5
28. Ne2 Ba7 29. h4 b5 30. Bh3 Rb8 31. g4 Ne4 32. Bb4 Bc5 33. Ba5 b4 34. Bg2 Qa3
35. Bc7 Re8 36. Bxe4 dxe4 37. Qb1 a5 38. Qxe4 Qa1+ 39. Kg2 a4 40. Ng3 b3 41.
Ne2 b2 42. Nc3 a3 43. Qc4 Ra8 44. Bxe5 a2 45. Nxa2 Rxa2 46. Qxc5 Qg1+ 47. Kf3
b1=Q 48. Qc8+ Kh7 49. e4 Qxf2# 0-1

[Event "Lansing (MI Am/3)"]
[Site "?"]
[Date "1993.??.??"]
[Round "?"]
[White "Spencer, Gordon"]
[Black "Krzyston, Joe"]
[Result "1-0"]
[WhiteElo "1605"]
[BlackElo "1605"]
[PlyCount "79"]
[EventDate "1993.??.??"]

1. Nf3 Nf6 2. c4 e6 3. b3 c6 4. Bb2 d6 5. g3 Be7 6. Bg2 Nbd7 7. d3 O-O 8. O-O
b6 9. Nc3 Bb7 10. Nd4 Qc7 11. b4 e5 12. Nf5 Ng4 13. Nxe7+ Kh8 14. e4 Ndf6 15.
Nf5 Bc8 16. Nh4 g5 17. Nf3 Rg8 18. Bc1 h6 19. h3 Rg6 20. hxg4 Bxg4 21. Ne2 Bxf3
22. Bxf3 Qd7 23. Bg2 a5 24. bxa5 bxa5 25. Rb1 g4 26. Bd2 c5 27. a4 h5 28. Rb5
Rag8 29. Qb3 h4 30. Rb1 hxg3 31. Nxg3 Qe7 32. Rb7 Nd7 33. Nf5 Qe6 34. Qb5 g3
35. f3 Kh7 36. Qxd7 Qf6 37. Qe7 Qe6 38. Qxf7+ Qxf7 39. Rxf7+ Kh8 40. Rbb7 1-0